Estratos sociales y oportunidades de vida restringidas
Contenido: Síntesis. Los estratos sociales como sistemas sociales. Estratos sociales y oportunidades de vida restringidas: Restricciones económicas, restricciones educativas, restricciones en la percepción de alternativas viables. Restricciones por patrones de exclusión en sistemas de estratos más a...
Zapisane w:
| Format: | Książka |
|---|---|
| Język: | Spanish |
| Hasła przedmiotowe: | |
| Etykiety: |
Dodaj etykietę
Nie ma etykietki, Dołącz pierwszą etykiete!
|
MARC
| LEADER | 00000nam a22000007a 4500 | ||
|---|---|---|---|
| 003 | cru CIDCACS/IIS | ||
| 005 | 20180126062533.0 | ||
| 008 | 170419b2000 cr ||||| |||| 00| 0 spa d | ||
| 040 | |c cru CIDCACS/IIS | ||
| 245 | |a Estratos sociales y oportunidades de vida restringidas | ||
| 300 | |a páginas 219-239 | ||
| 520 | |a Contenido: Síntesis. Los estratos sociales como sistemas sociales. Estratos sociales y oportunidades de vida restringidas: Restricciones económicas, restricciones educativas, restricciones en la percepción de alternativas viables. Restricciones por patrones de exclusión en sistemas de estratos más altos. Los procesos en juego. Una perspectiva psicológico-social sobre el proceso de movilidad. Las variables disociativas. Algunos asuntos metodológicos. La relatividad de los estratos y las oportunidades de vida. | ||
| 650 | 1 | 0 | |2 |9 65 |a MOVILIDAD SOCIAL |
| 650 | 1 | 0 | |9 944 |a EDUCACION |
| 650 | 1 | 0 | |9 2105 |a INDICADORES SOCIALES |
| 650 | 1 | 0 | |9 1426 |a ASPECTOS PSICOLOGICOS |
| 650 | 4 | |9 1988 |a IGUALDAD DE OPORTUNIDADES | |
| 650 | 1 | 0 | |9 2138 |a |
| 942 | |2 ddc |c LI | ||
| 773 | 0 | |0 14856 |9 519 |a Fonseca Tortós, Eugenio |d San José: EUNED. EUCR |o 17942 |t Eugenio Fonseca Tortós: selección de su obra sociológica / |w (cru CIDCACS/IIS)19474 | |
| 999 | |c 19197 |d 19197 | ||
